00943nam a2200217 a 450000100100000000500170001000800410002702000180006824501610008626000680024730000280031549000370034350400210038050400730040170000340047470000370050883000440054595201060058999900170069504000130071200004070820201002034324.0130905s2011 sp 000 0 spa d a978848489619700aEscribir después de la dictadura :bla producción literaria y cultural en las posdictaduras de Europa e Hispanoamérica /ceditor Janett Reinstädler. aMadrid :bIberoamericana ; Frankfurt am Main : Vervuert,c2011. a372 p. :bil. ;c23 cm.1 aBibliotheca Ibero-Americanav143 aBibliografía : aIncluye referencias bibliográficas y notas al pie de las páginas1 aReinstädler, Janett,9670901 aed Reinstädler, Janett,967091 0aBibliotheca Ibero-Americanan143967092 0010507-18MOaGRbGRcOId2013-09-05iLF1l0o p40708-10r2020-06-25w2020-06-25y1ZNo se presta c40198d40198 aDO-SdBNP